Stati per minore densità di popolazione - Asia - Statistics

Statistiche generali
  • Questo quiz è stato fatto 6 volte
  • Il punteggio medio è 7 su 10
Statistiche sulle risposte
Densità (popolazione per km²) Nazione % Corretto
2 Mongolia
100%
21 Bhutan
83%
7 Kazakistan
83%
13 Turkmenistan
83%
17 Arabia Saudita
67%
34 Kirghizistan
67%
32 Laos
67%
15 Oman
67%
8 Russia
67%
53 Georgia
50%
Nessun quiz corrispondente trovato
Distribuzione punteggi
Percentuale di utenti per punteggio
Percentile per numero di risposta
I tuoi punteggi nel tempo
Non hai fatto questo quiz